2014 Forest Hills Drive - J. Cole - Statistics

General Stats
  • This quiz has been taken 20 times
  • The average score is 10 of 21
Answer Stats
Songs Plays Artists % Correct
Fire Squad 231,880,584 J. Cole
89%
No Role Modelz 2,718,687,891 J. Cole
89%
Wet Dreamz 1,494,838,137 J. Cole
84%
Apparently 359,493,557 J. Cole
79%
G.O.M.D 618,525,874 J. Cole
68%
Hello 92,264,092 J. Cole
68%
January 28th 191,329,594 J. Cole
68%
Love Yourz 549,973,324 J. Cole
68%
St. Tropez 100,510,717 J. Cole
63%
Intro 73,043,879 J. Cole
58%
Note To Self 58,457,527 J. Cole
58%
03' Adolescence 157,372,200 J. Cole
53%
A Tale of 2 Citiez 333,153,517 J. Cole
53%
Die Together 6,728,708 J. Cole
26%
Judgement Day 2,721,584 J. Cole
21%
Winter Wonderland 4,028,003 J. Cole
21%
Black Man in Hollywood 1,878,076 J. Cole
16%
Home Soon 3,359,943 J. Cole
16%
Keep Heaven Dancing 2,879,658 J. Cole
16%
Miles 1,823,335 J. Cole, Bone Thugs-N-Harmony
16%
Obviously 2,374,522 J. Cole
16%
No matching quizzes found
Score Distribution
Percent of People with Each Score
Percentile by Number Answered
Your Score History
You have not taken this quiz